000 00882nmm a2200277 a 4500
001 ocm000576775
003 TR-IsHL
005 20201028121413.0
008 130705s2009 tu tur
007 cr cn
020 _a9786054200122
035 _a576775
_b(N$T)
050 0 4 _aPL248.T47
_bA4 2009
090 0 4 _aPL248.T47
_bA4 2009
100 1 _aTerzioğlu , Ahmet Haldun
245 1 0 _aAlp Er Tunga: Saka Türkleri'nin büyük hakanı
_h[electronic resource] /
_cAhmet Haldun Terzioğlu
250 _a1. bs.
260 _aİstanbul :
_bBilgeoğuz Yayınları,
_c2009
300 _a336 p.
650 4 _aDil ve Edebiyat
650 4 _aLanguage and Literature
650 0 _aTürk şiiri
650 0 _aTurkish poetry
650 7 _aPOETRY / Middle Eastern
_2bisacsh
856 4 0 _uhttp://search.ebscohost.com/login.aspx?direct=true&scope=site&db=e011xww&AN=576775
999 _c1307
_d1307